Les plus grandes villes francophones de A à Z - Statistiques

Statistiques générales
  • Ce quiz a été pris 93 fois
    82 depuis la dernière actualisation
  • Le résultat moyen est 14 sur 26
Statistiques - réponses
Population Région Indice Réponse % Correct
D 160,000 Est de la France mondialement associée à sa célèbre moutarde Dijon
99%
B 265,000 Ouest de la France capitale mondiale du vin Bordeaux
95%
N 354,000 Sud de la France joyau de la Côte d’Azur, célèbre pour la Promenade des Anglais Nice
86%
P 2 millions Île-de-France célèbre pour la tour Eiffel, le Louvre et son influence incomparable sur la mode et l’art mondiaux Paris
85%
T 512,000 Sud de la France « La Ville Rose », siège d’Airbus Toulouse
85%
S 292,000 Est de la France siège officiel du Parlement européen Strasbourg
84%
C 148,000 Centre de la France siège mondial de l’entreprise de pneumatiques Michelin Clermont-Ferrand
81%
F 77,000 Caraïbes capitale d’un département français d’outre-mer dans les Caraïbes Fort-de-France
78%
O 116,000 Centre de la France à jamais liée à Jeanne d’Arc, qui libéra cette ville des Anglais durant la guerre de Cent Ans Orléans
78%
M 1.8 millions Amérique du Nord deuxième plus grande ville francophone du monde Montréal
77%
R 228,000 Ouest de la France célèbre pour ses maisons médiévales à colombages et son immense festival annuel de musique, les Trans Musicales Rennes
73%
A 158,000 Ouest de la France abrite la monumentale Tenture de l’Apocalypse, le plus grand ensemble de tapisseries médiévales au monde Angers
67%
L 521,000 Est de la France célèbre pour ses « traboules » (passages cachés) et son industrie historique de la soie Lyon
64%
K 24,000 Amérique du Sud site du Centre spatial guyanais, principal port spatial de l’Agence spatiale européenne Kourou
63%
Q 549,000 Amérique du Nord seule ville d’Amérique du Nord au nord du Mexique à avoir conservé ses fortifications d’origine Québec
63%
I 68,000 Île-de-France « Ville des médias », accueille les sièges de grandes chaînes de télévision françaises Issy-les-Moulineaux
56%
H 166,000 Nord de la France son centre-ville a été entièrement reconstruit après la Seconde Guerre mondiale par Auguste Perret Le Havre
51%
V 162,000 Est de la France célèbre pour le quartier des Gratte-Ciel, une expérience unique d’urbanisme social des années 1930 Villeurbanne
37%
W 41,000 Nord de la France célèbre pour la fête des Berlouffes, durant laquelle des poupées sont jetées depuis le balcon de l’église Wattrelos
30%
U 26,000 Île-de-France ville nouvelle célèbre pour son architecture moderniste et pour avoir été la maison d'enfance de la légende du football français Thierry Henry Les Ulis
26%
J 36,000 Ouest de la France porte d’entrée des célèbres châteaux de la vallée de la Loire Joué-lès-Tours
15%
Y 30,000 Suisse célèbre depuis l’époque romaine pour ses sources thermales et son château historique du XIIIe siècle Yverdon-les-Bains
15%
E 52,000 Île-de-France historiquement célèbre pour les studios Éclair, où de nombreux classiques du cinéma français ont été produits Épinay-sur-Seine
14%
G 291,000 Amérique du Nord abrite le Musée canadien de l’histoire, le musée le plus visité du pays Gatineau
12%
X 2,500 Est de la France village des Vosges connu localement pour son Château des Brasseurs et son histoire brassicole Xertigny
5%
Z 2,500 Est de la France village d’Alsace connu pour son important collège épiscopal et son rôle stratégique durant les deux guerres mondial Zillisheim
3%
Aucun quiz correspondant
Distribution des résultats
% des personnes avec chaque résultat
Percentile par nombre de réponses
Votre historique - résultats
Vous n’avez pas pris ce quiz depuis la dernière actualisation